| 000 -CABECERA |
| fixed length control field |
00944nam a22002297a 4500 |
| 003 - IDENTIFICADOR DEL NÚMERO DE CONTROL |
| control field |
AR-CdUCM |
| 008 - DATOS DE LONGITUD FIJA--INFORMACIÓN GENERAL |
| fixed length control field |
190306b ||||| |||| 00| 0 spa d |
| 040 ## - FUENTE DE LA CATALOGACIÓN |
| Agencia/entidad que catalogó originalmente la obra |
MUNICIPALIDAD PROVINCIAL DEL CUSCO |
| Entidad que transcribió la catalogación |
BIBLIOTECA MUNICIPAL DEL CUSCO |
| 082 ## - NÚMERO DE LA CLASIFICACIÓN DECIMAL DEWEY |
| No. de Clasificación |
082 / |
| Notacion interna |
P228 |
| 100 ## - ENTRADA PRINCIPAL--NOMBRE DE PERSONA |
| Nombre Personal |
Pareti, Luigi |
| 245 ## - MENCIÓN DE TÍTULO |
| Título |
Homero y la realidad histórica / |
| 260 ## - PUBLICACIÓN, DISTRIBUCIÓN, ETC. |
| Lugar de publicación, distribución, etc. |
México, D.F : |
| Nombre de la editorial, distribuidor, etc. |
Unión Tip. Editorial Hispano Americana, |
| Fecha de publicación, distribución, etc. |
1961. |
| 300 ## - DESCRIPCIÓN FÍSICA |
| Nº de Páginas Extensión |
121 páginas ; |
| Otros detalles físicos |
Fotografías, |
| Dimensiones |
17 cm. |
| 505 ## - NOTA DE CONTENIDO CON FORMATO |
| Nota de contenido formateada |
Contenido: Modelos y fuentes de la "Iliada" y de la "Odisea" -- Los héroes, los rapsodas y su "reconstrucción histórica" -- Esquemas originarios y episodios añadidos -- Zona de operaciones y ambiente político y social reflejado por los poemas... |
| 650 ## - PUNTO DE ACCESO ADICIONAL DE MATERIA--TÉRMINO DE MATERIA |
| Descriptor |
Homero |
| 9 (RLIN) |
1000 |
| 650 ## - PUNTO DE ACCESO ADICIONAL DE MATERIA--TÉRMINO DE MATERIA |
| Descriptor |
Siglo IX a.c. |
| 9 (RLIN) |
10880 |
| 650 ## - PUNTO DE ACCESO ADICIONAL DE MATERIA--TÉRMINO DE MATERIA |
| Descriptor |
Realidad histórica |
| 9 (RLIN) |
10881 |
| 650 ## - PUNTO DE ACCESO ADICIONAL DE MATERIA--TÉRMINO DE MATERIA |
| Descriptor |
Odisea |
| 9 (RLIN) |
10882 |
| 650 ## - PUNTO DE ACCESO ADICIONAL DE MATERIA--TÉRMINO DE MATERIA |
| Descriptor |
Iliada |
| 9 (RLIN) |
10883 |
| 942 ## - ELEMENTOS DE PUNTO DE ACCESO ADICIONAL (KOHA) |
| Fuente de clasificación |
|
| Tipo de item |
Libros-BMC |
| 945 ## - PROCESAMIENTO DE INFORMACIÓN LOCAL (OCLC) |
| Catalogador |
davv |